[Event "ARA Campeonato de Aragon por Equipos Preferente Grupo I (204363)"]
[Site ""]
[Date "2019.03.09"]
[Round "7.50"]
[White "Garcia Morales, Roberto"]
[Black "Portero Garnica, Miguel Angel"]
[Result "1/2-1/2"]
[WhiteElo "2030"]
[BlackElo "2106"]
[PlyCount "0"]
[WhiteTeam "Agrupacion B"]
[BlackTeam "Marcos Frechin A"]
[EventDate "2019.01.26"]

1. e4 e5 2. Nf3 Nc6 3. Bb5 a6 4. Ba4 Nf6 5. O-O Nxe4 6. d4 b5 7. Bb3 d5 8. dxe5
Be6 9. c3 Bc5 10. Nbd2 O-O 11. Qe2 Bf5 12. a4 Rb8 13. axb5 axb5 14. Nxe4 dxe4
15. Rd1 exf3 16. Qxf3 Bd7 17. Qd5 Bb6 18. Qxd7 Qxd7 19. Rxd7 Nxe5 20. Rd1 Ng4
21. Be3 Nxe3 22. fxe3 Rbe8 23. Rd7 Bxe3+ 24. Kh1 c5 25. Bd5 Bg5 26. g3 h6 27.
c4 b4 28. Rc7 Bf6 29. Rxc5 Bxb2 30. Rf1 Rb8 31. Rb5 Bf6 32. Rb1 Bc3 33. Rf1 b3
34. Rxb8 Rxb8 35. Rxf7 Kh8 36. Rb7 Rxb7 37. Bxb7 b2 38. Be4 Kg8 39. Kg2 Kf7 40.
Kf3 Ke6 41. c5 Bd4 42. c6 Kd6 43. Kg4 Bf6 1/2-1/2

[Event "ARA Campeonato de Aragon por Equipos Preferente Grupo I (204363)"]
[Site ""]
[Date "2019.03.09"]
[Round "7.51"]
[White "Ciriano Lamban, Alejandro"]
[Black "Carruez Berges, Santiago"]
[Result "1/2-1/2"]
[WhiteElo "2041"]
[BlackElo "2024"]
[PlyCount "0"]
[WhiteTeam "Marcos Frechin A"]
[BlackTeam "Agrupacion B"]
[EventDate "2019.01.26"]

1. d4 Nf6 2. Nf3 g6 3. c4 Bg7 4. g3 c5 5. Bg2 O-O 6. O-O cxd4 7. Nxd4 Nc6 8.
Nc3 Qb6 9. Nb3 d6 10. Be3 Qd8 11. Rc1 Be6 12. c5 d5 13. Nd4 Ng4 14. Nxe6 fxe6
15. Bg5 Bf6 16. Bxf6 Rxf6 17. e4 d4 18. Qxg4 dxc3 19. Rxc3 Qd2 20. Qd1 Qxb2 21.
Qb3 Qd2 22. Rc2 Qd7 23. Rb2 Qd4 24. Rc2 Rb8 25. Qc3 e5 26. Qxd4 Nxd4 27. Rb2
Rc6 28. Rfb1 Rxc5 29. Rxb7 Rc1+ 30. Rxc1 Rxb7 31. Bf1 Kf7 32. Kg2 Kf6 33. Rc8
h5 34. h4 Rb2 35. Bc4 e6 36. Rf8+ Kg7 37. Ra8 Rb7 38. a4 Rc7 39. Bb5 Nxb5 40.
axb5 Rb7 41. Kf3 1/2-1/2

[Event "ARA Campeonato de Aragon por Equipos Preferente Grupo I (204363)"]
[Site ""]
[Date "2019.03.09"]
[Round "7.52"]
[White "Carruez Berges, Fernando"]
[Black "Ruiperez Gumiel, Ramon"]
[Result "1/2-1/2"]
[WhiteElo "1993"]
[BlackElo "1873"]
[PlyCount "0"]
[WhiteTeam "Agrupacion B"]
[BlackTeam "Marcos Frechin A"]
[EventDate "2019.01.26"]

1. Nf3 c5 2. g3 d6 3. d4 cxd4 4. Nxd4 e5 5. Nf3 Nc6 6. c4 Be7 7. Nc3 h6 8. Nd5
Nf6 9. Nxe7 Nxe7 10. Bg2 Qc7 11. b3 Bf5 12. O-O O-O 13. Ba3 Rad8 14. Qd2 Bh7
15. Rfd1 Ne4 16. Qe1 f5 17. e3 Kh8 18. Nd2 Nc5 19. Bxc5 dxc5 20. e4 f4 21. Nf3
g5 22. Qc3 Nc6 23. Rd5 Nd4 24. Re1 Rfe8 25. gxf4 gxf4 26. Nxd4 exd4 27. Qh3
Rxd5 28. cxd5 Qd6 29. Qh5 Re5 30. Qf7 Bg8 31. Qxf4 Bxd5 32. Qd2 Bc6 33. f4 Re7
34. e5 Qg6 35. Kh1 Rg7 36. Rg1 b5 37. f5 Bxg2+ 38. Rxg2 Qxg2+ 39. Qxg2 Rxg2 40.
Kxg2 c4 41. e6 Kg8 42. Kf3 c3 1/2-1/2

[Event "ARA Campeonato de Aragon por Equipos Preferente Grupo II (204366)"]
[Site ""]
[Date "2019.03.09"]
[Round "7.53"]
[White "Maza Broto, Pablo"]
[Black "Vallverdu Miret, Oscar"]
[Result "0-1"]
[WhiteElo "2065"]
[BlackElo "2089"]
[PlyCount "0"]
[WhiteTeam "Jaime Casas B"]
[BlackTeam "Fraga"]
[EventDate "2019.01.26"]

1. c4 c6 2. g3 d5 3. Bg2 Nf6 4. Nf3 g6 5. O-O Bg7 6. d4 O-O 7. cxd5 cxd5 8. Nc3
Nc6 9. Ne5 Qb6 10. Na4 Qb5 11. Nxc6 bxc6 12. b3 Bg4 13. f3 Bf5 14. Ba3 Rfe8 15.
Bb2 Rac8 16. Qd2 h5 17. Rae1 Rcd8 18. Kh1 Bc8 19. e4 dxe4 20. fxe4 e5 21. Qf2
Rd7 22. h3 exd4 23. Bxd4 Ng4 24. hxg4 Bxd4 25. Qc2 hxg4 26. e5 Rxe5 27. Bxc6
Bb7 28. Rc1 Re2 0-1

[Event "ARA Campeonato de Aragon por Equipos Preferente Grupo II (204366)"]
[Site ""]
[Date "2019.03.09"]
[Round "7.54"]
[White "Aribau Rivas, Miguel Angel"]
[Black "Rodriguez Leiva, Manuel"]
[Result "1/2-1/2"]
[WhiteElo "2043"]
[BlackElo "1932"]
[PlyCount "0"]
[WhiteTeam "Fraga"]
[BlackTeam "Jaime Casas B"]
[EventDate "2019.01.26"]

1. e4 e6 2. d4 d5 3. e5 c5 4. c3 Nc6 5. Nf3 Qb6 6. a3 cxd4 7. cxd4 Bd7 8. Nc3
a6 9. Be3 Rc8 10. Bd3 Na5 11. Rb1 Nc4 12. Bxc4 Rxc4 13. O-O Ne7 14. Nd2 Rc7 15.
Na4 Qa5 16. Nc5 Nf5 17. Nxd7 Rxd7 18. Nb3 Qb6 19. Qd3 Nxe3 20. fxe3 Be7 21.
Rfc1 O-O 22. Nd2 f6 23. exf6 Bxf6 24. Nf3 Qd6 25. Rd1 Rc7 26. Rbc1 Rfc8 27. Qd2
Qb6 28. Rxc7 Qxc7 29. h3 Qc4 30. Qd3 Qc7 31. Qd2 Qg3 32. Qf2 Qg6 33. Qe2 Rc2
34. Rd2 Rc4 35. Kf2 Qf7 36. Rc2 b5 37. b3 Rc7 38. Qd3 Qd7 39. Ke2 Qd6 40. Rxc7
Qxc7 41. a4 bxa4 42. bxa4 Qb6 43. Qc2 g6 44. Kf1 Kg7 45. Ke2 Qb4 46. Qc7+ Kh6
47. Qc2 a5 48. Kf2 1/2-1/2

[Event "ARA Campeonato de Aragon por Equipos Preferente Grupo II (204366)"]
[Site ""]
[Date "2019.03.09"]
[Round "7.55"]
[White "Buil Rello, Jose Antonio"]
[Black "Casas Chine, German"]
[Result "1/2-1/2"]
[WhiteElo "1761"]
[BlackElo "1785"]
[PlyCount "0"]
[WhiteTeam "Jaime Casas B"]
[BlackTeam "Fraga"]
[EventDate "2019.01.26"]

1. e4 c5 2. Nf3 d6 3. d4 cxd4 4. Nxd4 Nf6 5. f3 e5 6. Nb3 d5 7. exd5 Qxd5 8.
Qxd5 Nxd5 9. c4 Nb4 10. Na3 a6 11. Be3 Be7 12. Be2 O-O 13. O-O N8c6 14. Rfd1
Be6 15. Nc5 Bxc5 16. Bxc5 Rfd8 17. Rxd8+ Rxd8 18. Be3 Nd4 19. Bd1 Nf5 20. Bc5
Nd3 21. Bb6 Rc8 22. b3 Rc6 23. Bf2 Nxf2 24. Kxf2 Rd6 25. Be2 Nd4 26. Rd1 Rd7
27. Nb1 Kf8 28. Nc3 Nxe2 29. Kxe2 Rxd1 30. Kxd1 f5 31. Kd2 Ke7 32. g3 Kd6 33.
Ne2 Kc5 34. Kc3 Bd7 35. b4+ Kd6 36. f4 h6 37. h4 Ke6 38. Nc1 exf4 39. gxf4 Kf6
40. Nd3 g5 41. fxg5+ hxg5 42. hxg5+ Kxg5 43. Kd4 Bc6 44. Ke5 Kg4 45. Nf4 Be4
46. a4 Bc6 47. b5 axb5 48. axb5 Be4 49. c5 Bf3 50. Ne6 Be2 51. b6 Ba6 52. Nc7
f4 53. Nxa6 f3 54. c6 bxc6 1/2-1/2

[Event "ARA Campeonato de Aragon por Equipos Preferente Grupo II (204366)"]
[Site ""]
[Date "2019.03.09"]
[Round "7.56"]
[White "Chine Infantes, Miguel Angel"]
[Black "Salas Latorre, Jose"]
[Result "1-0"]
[WhiteElo "1782"]
[BlackElo "1718"]
[PlyCount "0"]
[WhiteTeam "Fraga"]
[BlackTeam "Jaime Casas B"]
[EventDate "2019.01.26"]

1. e4 c6 2. d4 d5 3. exd5 cxd5 4. Nf3 Nc6 5. c3 Nf6 6. Bg5 e6 7. Nbd2 Be7 8.
Bb5 Bd7 9. O-O O-O 10. Bxc6 Bxc6 11. Ne5 Nd7 12. Bxe7 Qxe7 13. Nxc6 bxc6 14. b4
Nb6 15. Qb3 Rfb8 16. a3 a5 17. Qc2 Qf6 18. Nb3 axb4 19. axb4 Nc4 20. Na5 Nxa5
21. Rxa5 Qe7 22. Rfa1 Qb7 23. Qa4 Rxa5 24. Qxa5 g6 25. g3 Qb6 26. Qxb6 Rxb6 27.
Ra7 Kg7 28. Kg2 Kf6 29. f4 Kg7 30. h4 Kf6 31. Kf3 Rb8 32. g4 Kg7 33. g5 Kf8 34.
Ke3 Ke8 35. Kd3 Kf8 36. Kc2 Ke8 37. Kb3 Rb6 38. Ka4 Rb8 39. Ka5 Rb5+ 40. Ka6
Rb8 41. Rc7 Ra8+ 42. Kb6 Ra2 43. Kxc6 Kd8 44. Rxf7 Rc2 45. Kd6 1-0

[Event "ARA Campeonato de Aragon por Equipos Preferente Grupo II (204366)"]
[Site ""]
[Date "2019.03.09"]
[Round "7.57"]
[White "Chueca Lorente, Javier"]
[Black "Barranco Mananet, Fernando"]
[Result "1/2-1/2"]
[WhiteElo "2122"]
[BlackElo "2045"]
[PlyCount "0"]
[WhiteTeam "St. Casablanca B"]
[BlackTeam "Monzon"]
[EventDate "2019.01.26"]

1.c4 e5 2.Nc3 Bb4 3.Nd5 a5 4.e3 Nf6 5.g3 O-O 6.Bg2 c6 7.Nxf6+ Qxf6 8.Ne2 d6 9.
O-O Bc5 10.d4 Bb6 11.h3 exd4 12.Nxd4 Bxd4 13.exd4 Be6 14.b3 d5 15.c5 Nd7 16.
Bf4 Bf5 17.Qd2 Rfe8 18.Rfe1 h6 19.Bc7 Be4 20.f3 Bxf3 21.Rxe8+ Rxe8 22.Rf1 Re2
23.Qxe2 Bxe2 24.Rxf6 Nxf6 25.Bxa5 Ne4 26.Bxe4 dxe4 27.Kf2 Bd3 28.Ke3 Kf8 29.
Bc7 1/2-1/2

[Event "ARA Campeonato de Aragon por Equipos Preferente Grupo II (204366)"]
[Site ""]
[Date "2019.03.09"]
[Round "7.58"]
[White "Arrieta Restrepo, Steven"]
[Black "Sanjulian Arruga, Pablo"]
[Result "1/2-1/2"]
[WhiteElo "1949"]
[BlackElo "1850"]
[PlyCount "0"]
[WhiteTeam "Monzon"]
[BlackTeam "St. Casablanca B"]
[EventDate "2019.01.26"]


1.e4 c5 2.Nc3 g6 3.Bc4 Nc6 4.d3 Bg7 5.Nf3 d6 6.h3 Nf6 7.O-O O-O 8.Be3 Na5 9.
Rb1 a6 10.a3 Nxc4 11.dxc4 Be6 12.Qd3 h6 13.Nd5 Kh7 14.Nd2 Nd7 15.Qe2 f5 16.Nf4
Bg8 17.exf5 Rxf5 18.Nf3 1/2-1/2

[Event "ARA Campeonato de Aragon por Equipos Preferente Grupo II (204366)"]
[Site ""]
[Date "2019.03.09"]
[Round "7.59"]
[White "Ayensa Garcia, Miguel Angel"]
[Black "Hidalgo Gracia, Andres"]
[Result "1/2-1/2"]
[WhiteElo "1849"]
[BlackElo "1846"]
[PlyCount "0"]
[WhiteTeam "St. Casablanca B"]
[BlackTeam "Monzon"]
[EventDate "2019.01.26"]

1.c4 e5 2.Nc3 Nc6 3.g3 Bb4 4.Nd5 Nf6 5.Nxb4 Nxb4 6.a3 Nc6 7.Bg2 d6 8.d3 O-O 9.
b4 Re8 10.e3 Rb8 11.Ne2 Ne7 12.Nc3 d5 13.O-O c6 14.Bb2 Be6 15.Qe2 Ng6 16.Na4
Nd7 17.e4 dxc4 18.dxc4 b5 19.cxb5 cxb5 20.Nc3 Bc4 21.Qe3 Bxf1 22.Bxf1 a6 23.
Rd1 Ngf8 24.Bh3 Rb7 25.Nd5 Nb6 26.Qc5 Nc4 27.Bc3 Ne6 28.Bxe6 Rxe6 29.Ne7+ Qxe7
30.Qc8+ Qe8 31.Rd8 Rbe7 32.Rxe8+ Rxe8 33.Qc5 Nxa3 34.Kg2 Nc4 35.h4 h6 36.g4
Rd6 37.Be1 Ree6 38.Qc8+ Kh7 1/2-1/2

[Event "ARA Campeonato de Aragon por Equipos Preferente Grupo II (204366)"]
[Site ""]
[Date "2019.03.09"]
[Round "7.60"]
[White "Ocabo Vera, Pedro Aristides"]
[Black "Ayensa Vazquez, Jose Angel"]
[Result "1/2-1/2"]
[WhiteElo "1775"]
[BlackElo "1431"]
[PlyCount "0"]
[WhiteTeam "Monzon"]
[BlackTeam "St. Casablanca B"]
[EventDate "2019.01.26"]

1.d4 Nf6 2.Bf4 e6 3.e3 d5 4.c3 c5 5.Bd3 Be7 6.Nd2 Nc6 7.Ngf3 Nh5 8.Bg3 Bd6 9.
Qe2 Nxg3 10.hxg3 h6 11.dxc5 Bxc5 12.Nd4 e5 13.N4b3 Bb6 14.O-O-O Be6 15.f4 e4
16.Bc2 Qd7 17.Qf2 Bg4 18.Rde1 Ne7 19.Nd4 Nf5 20.N2b3 a5 21.Nxf5 Bxf5 22.Rd1 a4
23.Nd4 Bg4 24.Rd2 a3 25.b3 Rc8 26.c4 Ba5 27.Nb5 Bxd2+ 28.Qxd2 Bf5 29.Qb4 Rc6
30.Rd1 Qe7 31.Qxe7+ Kxe7 32.Rxd5 g6 33.Nd4 Rf6 1/2-1/2

[Event "ARA Campeonato de Aragon por Equipos Preferente Grupo II (204366)"]
[Site ""]
[Date "2019.03.09"]
[Round "7.61"]
[White "Larrosa Poves, Jose Manuel"]
[Black "Veras Sanz, Marino"]
[Result "0-1"]
[WhiteElo "1912"]
[BlackElo "2084"]
[PlyCount "0"]
[WhiteTeam "Agrupacion C"]
[BlackTeam "El Olivar B"]
[EventDate "2019.01.26"]


1. d4 d6 2. Nf3 g6 3. c4 Bg7 4. Nc3 c5 5. dxc5 Bxc3+ 6. bxc3 dxc5 7. Qxd8+ Kxd8
8. g3 Be6 9. Bg2 Nd7 10. Bf4 a6 11. O-O Ngf6 12. Rfd1 Kc8 13. Ne5 Nxe5 14. Bxe5
Bxc4 15. Rab1 Ra7 16. Bh3+ Be6 17. Bxe6+ fxe6 18. Bxf6 exf6 19. Rb6 Rd8 20.
Rxd8+ Kxd8 21. Rxe6 f5 22. Rb6 Kc7 23. Rf6 b5 24. h4 b4 25. cxb4 cxb4 26. h5 a5
27. hxg6 hxg6 28. Rxg6 a4 29. Re6 b3 30. axb3 a3 31. Re3 a2 32. Rc3+ Kd6 33.
Rc1 a1=Q 34. Rxa1 Rxa1+ 35. Kg2 Ke5 0-1

[Event "ARA Campeonato de Aragon por Equipos Preferente Grupo II (204366)"]
[Site ""]
[Date "2019.03.09"]
[Round "7.62"]
[White "Gracia Campo, Carlos Alberto"]
[Black "Carruez Gracia, Eduardo"]
[Result "1-0"]
[WhiteElo "2074"]
[BlackElo "1894"]
[PlyCount "0"]
[WhiteTeam "El Olivar B"]
[BlackTeam "Agrupacion C"]
[EventDate "2019.01.26"]

1. e4 e6 2. d4 d5 3. e5 c5 4. c3 Nc6 5. Nf3 Qb6 6. a3 a5 7. Bd3 c4 8. Bc2 Qa6
9. a4 b5 10. axb5 Qxb5 11. O-O Bd7 12. Ng5 Be7 13. Qh5 g6 14. Qf3 Nh6 15. Na3
Qa6 16. Nxe6 Bxe6 17. Bxh6 O-O-O 18. Bg7 Rhg8 19. Bf6 Bxf6 20. Qxf6 h5 21. Ba4
Na7 22. Qe7 Bd7 23. b3 cxb3 24. Bxb3 Be6 25. Qc5+ Kb8 26. Rfb1 Ka8 27. Nc2 1-0

[Event "ARA Campeonato de Aragon por Equipos Preferente Grupo II (204366)"]
[Site ""]
[Date "2019.03.09"]
[Round "7.63"]
[White "Garcia Valer, Jesus"]
[Black "Bayod Rubia, Angel"]
[Result "1/2-1/2"]
[WhiteElo "1841"]
[BlackElo "1961"]
[PlyCount "0"]
[WhiteTeam "Agrupacion C"]
[BlackTeam "El Olivar B"]
[EventDate "2019.01.26"]

1. e4 d6 2. Nc3 g6 3. f4 Bg7 4. Nf3 Nf6 5. Bc4 c6 6. d3 Be6 7. Bxe6 fxe6 8. Ng5
Qd7 9. O-O Na6 10. Be3 e5 11. f5 O-O-O 12. Ne6 gxf5 13. Nxg7 f4 14. Bxa7 Rdg8
15. Na4 Qg4 16. Qxg4+ Nxg4 17. Nf5 Kd7 18. h3 Nf6 19. Bf2 Rg6 20. Bh4 Rhg8 21.
Rf2 b5 22. Nc3 e6 23. Bxf6 Rxf6 24. Nh4 Rh6 25. Nf3 Rxh3 26. Kf1 Rh1+ 27. Ng1
h5 28. a3 h4 29. Nce2 Rg4 30. d4 Ke7 31. dxe5 dxe5 32. b4 Nc7 33. Rd1 Ne8 34.
Rd3 Nf6 35. Nc3 Nh5 36. Nce2 Nf6 37. Nc3 Nh5 38. Rfd2 Ng3+ 39. Kf2 Rh2 40. Rd7+
Kf6 41. Nf3 Rxg2+ 42. Kxg2 Nxe4+ 43. Kh2 Nxc3 44. Rd8 e4 45. Rg2 Rxg2+ 46. Kxg2
exf3+ 47. Kxf3 e5 48. Rh8 Kg5 49. Rg8+ Kf5 50. Rf8+ Kg5 51. Rg8+ Kf5 52. Rf8+
Kg5 53. Rg8+ 1/2-1/2

[Event "ARA Campeonato de Aragon por Equipos Preferente Grupo II (204366)"]
[Site ""]
[Date "2019.03.09"]
[Round "7.64"]
[White "Arinez Bruna, Octavio"]
[Black "Martin Pastor, Ivan"]
[Result "1/2-1/2"]
[WhiteElo "1905"]
[BlackElo "1778"]
[PlyCount "0"]
[WhiteTeam "El Olivar B"]
[BlackTeam "Agrupacion C"]
[EventDate "2019.01.26"]

1. Nf3 Nf6 2. c4 g6 3. Nc3 Bg7 4. g3 O-O 5. Bg2 d5 6. cxd5 Nxd5 7. O-O Nxc3 8.
bxc3 c5 9. Qb3 Nc6 10. Ba3 Na5 11. Qb5 b6 12. d4 Be6 13. Rfd1 Nc4 14. Bc1 a6
15. Qb1 Qc7 16. Bf4 Qa7 17. a4 h6 18. h4 Rad8 19. Qc1 Kh7 20. e4 Bg4 21. e5 Be6
22. Nd2 Nxd2 23. Rxd2 Bd5 24. dxc5 Bxg2 25. Kxg2 Qb7+ 26. f3 bxc5 27. c4 Rd4
28. Rxd4 cxd4 29. Qd1 Rd8 30. Rb1 Qc6 31. Qb3 Rc8 32. c5 Qxc5 33. Rc1 Qxc1 34.
Bxc1 Rxc1 35. f4 f6 36. Qd5 fxe5 37. fxe5 Rd1 38. h5 gxh5 39. Qe4+ Kh8 40. Qa8+
Kh7 41. Qe4+ Kh8 42. Qc2 Re1 43. Qc8+ Kh7 44. Qf5+ Kh8 45. Qc8+ Kh7 1/2-1/2

[Event "ARA Campeonato de Aragon por Equipos Preferente Grupo II (204366)"]
[Site ""]
[Date "2019.03.09"]
[Round "7.66"]
[White "Buisan Zaharia, Pedro"]
[Black "Bayona Bafaluy, Jose Maria"]
[Result "1-0"]
[WhiteElo "1918"]
[BlackElo "1813"]
[PlyCount "0"]
[WhiteTeam "Jaque B"]
[BlackTeam "Binefar"]
[EventDate "2019.01.26"]

1. d4 Nf6 2. Nf3 d5 3. c4 e6 4. e3 Be7 5. Bd3 O-O 6. O-O Nbd7 7. Nc3 c5 8. b3
b6 9. Qe2 Bb7 10. Bb2 Ne4 11. cxd5 exd5 12. Rfd1 Nxc3 13. Bxc3 Bf6 14. Rac1 Rc8
15. Ba6 Qc7 16. Bxb7 Qxb7 17. h3 Rfe8 18. dxc5 bxc5 19. Bxf6 Nxf6 20. Qd3 h6
21. Rc2 Re7 22. Rdc1 Rec7 23. Nh4 Qb6 24. Nf5 Qe6 25. Nd4 Qb6 26. Ne2 Qb4 27.
Nf4 Qb7 28. Rd1 Rd8 29. Rdc1 Rdc8 30. Ne2 Qb4 31. Nf4 Qb7 32. a3 a5 33. Qc3 Qb5
34. a4 Qb6 35. Qd3 Rd8 36. Qb5 Qxb5 37. axb5 Rdc8 38. b6 Rb7 39. Rxc5 Rxc5 40.
Rxc5 g5 41. Nxd5 Nxd5 42. Rxd5 Rxb6 43. Rxa5 Rxb3 44. g4 Kg7 45. Kg2 Rb2 46.
Kg3 Rb1 47. Rf5 Rg1+ 48. Kh2 Rf1 49. Kg2 Rb1 50. h4 Kg6 51. h5+ Kg7 52. Ra5 Rb4
53. Kg3 Rb3 54. Re5 Kf6 55. Re4 Rb1 56. Ra4 Rg1+ 57. Kf3 Kg7 58. Ra5 Rb1 59.
Ke4 Rb4+ 60. Kf5 Rb2 61. f4 Rf2 62. Re5 Rf3 63. Re4 Rf2 64. Ke5 Rb2 65. f5 Rb5+
66. Kd4 Ra5 67. Kd3 Ra3+ 68. Ke2 Ra1 69. Rb4 Rg1 70. Kd3 Rg3 71. Re4 Rg1 72.
Kc4 Rd1 73. Kc3 Kf6 74. Kc2 Rd8 75. Rc4 Ra8 76. Kd3 Ra2 77. Rb4 Kg7 78. Ke4 Re2
79. Rb6 Rg2 80. Kf3 Rg1 81. Rd6 Rf1+ 82. Ke2 Rg1 83. Rd4 Ra1 84. Kd3 Rg1 85.
Ra4 Rg2 86. Rd4 Rg1 87. Ke2 Ra1 88. Kf3 Rf1+ 89. Ke4 Rg1 90. Ke5 Rf1 91. Rd6
Rf3 92. e4 Ra3 93. f6+ Kh7 94. Rd7 Ra5+ 95. Kd6 Ra4 96. Rxf7+ Kg8 97. Re7 Ra6+
98. Ke5 Ra5+ 99. Ke6 Ra6+ 100. Kf5 Ra8 101. Kg6 Rf8 102. f7+ 1-0

[Event "ARA Campeonato de Aragon por Equipos Preferente Grupo II (204366)"]
[Site ""]
[Date "2019.03.09"]
[Round "7.67"]
[White "Saura Solano, Jose Luis"]
[Black "Carrasquer Alonso, Luis"]
[Result "1-0"]
[WhiteElo "1773"]
[BlackElo "1840"]
[PlyCount "0"]
[WhiteTeam "Binefar"]
[BlackTeam "Jaque B"]
[EventDate "2019.01.26"]

1. Nf3 d5 2. d4 Nf6 3. c4 c6 4. g3 Bf5 5. Bg2 e6 6. O-O dxc4 7. Ne5 Nbd7 8.
Nxc4 Nb6 9. b3 Be4 10. f3 Bxb1 11. Rxb1 c5 12. Bb2 Nxc4 13. bxc4 b6 14. f4 Rc8
15. d5 exd5 16. Bxf6 gxf6 17. Bxd5 Qd7 18. e4 Bd6 19. Qh5 O-O 20. Rbd1 Kh8 21.
e5 Bb8 22. Be4 1-0

[Event "ARA Campeonato de Aragon por Equipos Preferente Grupo II (204366)"]
[Site ""]
[Date "2019.03.09"]
[Round "7.68"]
[White "Carrasquer Alonso, Fernando"]
[Black "Rosa Garcia, Jesus"]
[Result "0-1"]
[WhiteElo "1741"]
[BlackElo "1728"]
[PlyCount "0"]
[WhiteTeam "Jaque B"]
[BlackTeam "Binefar"]
[EventDate "2019.01.26"]

1. e4 c5 2. Nf3 g6 3. g3 Bg7 4. Bg2 Qb6 5. c3 Nc6 6. d3 Nf6 7. O-O d6 8. Re1
O-O 9. Nbd2 Rd8 10. Qe2 e5 11. Nc4 Qc7 12. Bg5 h6 13. Bxf6 Bxf6 14. Ne3 Be6 15.
Nd5 Bxd5 16. exd5 Ne7 17. Nd2 Re8 18. Nc4 Bg7 19. Qd2 Kh7 20. f4 b5 21. Na3
Rab8 22. Nc2 a6 23. fxe5 Bxe5 24. d4 Bg7 25. dxc5 Qxc5+ 26. Qf2 Qxf2+ 27. Kxf2
Be5 28. Rad1 a5 29. a3 Nf5 30. Bh3 Ng7 31. Nd4 Bxd4+ 32. Rxd4 Rxe1 33. Kxe1 Nh5
34. Re4 Rb7 35. Re8 Nf6 36. Rd8 Rb6 37. Ra8 a4 38. Ra7 Kg8 39. Bd7 Rb8 40. Ra5
Nxd7 41. Ra6 Rb6 42. Ra8+ Kg7 43. Kd2 Ne5 44. Kc2 Nf3 45. c4 bxc4 46. Rxa4 Ne1+
47. Kd2 Nd3 48. Rxc4 Nxb2 49. Rc6 Rb5 50. Kc3 Na4+ 51. Kd4 Rb3 52. Rxd6 Rxa3
53. Ra6 Kf8 54. Ra8+ Ke7 55. Ra7+ Kf6 56. Ra6+ Kf5 57. Ra7 f6 58. h3 h5 59. Re7
Rxg3 60. d6 Nb6 61. Kc5 Rb3 62. h4 Kg4 63. Rb7 Nd7+ 64. Rxd7 Kxh4 65. Rf7 Kg5
66. Ra7 Rd3 67. Ra4 Kf5 68. Rh4 Rd1 69. Kc6 g5 70. Rxh5 Ke6 71. Rh2 Rxd6+ 72.
Kc5 Rd1 73. Rf2 g4 74. Kc4 f5 75. Kc3 g3 76. Re2+ Kf6 77. Kc2 Rd8 0-1

[Event "ARA Campeonato de Aragon por Equipos Preferente Grupo II (204366)"]
[Site ""]
[Date "2019.03.09"]
[Round "7.69"]
[White "Fuster Garcia, Luis"]
[Black "Malo Guillen, Jose Luis"]
[Result "1/2-1/2"]
[WhiteElo "2167"]
[BlackElo "2140"]
[PlyCount "0"]
[WhiteTeam "Marcos Frechin B"]
[BlackTeam "Las Fuentes"]
[EventDate "2019.01.26"]

1. e4 e5 2. Nf3 Nc6 3. Nc3 Nf6 4. Bb5 Bd6 5. d3 a6 6. Bc4 b5 7. Bb3 Na5 8. O-O
Nxb3 9. axb3 Bb7 10. Ne2 O-O 11. Ng3 Re8 12. Nf5 Bf8 13. c4 h6 14. h3 Kh7 15.
g4 g6 16. Ne3 c6 17. g5 Ng8 18. Ng4 d6 19. gxh6 Bxh6 20. h4 Bc8 21. Ng5+ Kg7
22. f4 f5 23. exf5 Bxf5 24. fxe5 dxe5 25. Ne3 Qd4 26. Kg2 Be6 27. Nxe6+ Rxe6
28. Qg4 Qxg4+ 29. Nxg4 Bxc1 30. Raxc1 Nf6 31. Nxf6 1/2-1/2

[Event "ARA Campeonato de Aragon por Equipos Preferente Grupo II (204366)"]
[Site ""]
[Date "2019.03.09"]
[Round "7.70"]
[White "Alonso Blasco, Jose Miguel"]
[Black "Farinas Argudo, Adrian"]
[Result "1-0"]
[WhiteElo "1958"]
[BlackElo "1794"]
[PlyCount "0"]
[WhiteTeam "Las Fuentes"]
[BlackTeam "Marcos Frechin B"]
[EventDate "2019.01.26"]

1. e4 e5 2. Nf3 Nc6 3. Bb5 Bc5 4. O-O d6 5. c3 Bd7 6. d4 exd4 7. cxd4 Bb6 8.
Nc3 Nge7 9. h3 O-O 10. Na4 Ba5 11. Bd2 Bxd2 12. Qxd2 Ng6 13. Nc3 Re8 14. Rfe1
a6 15. Bf1 h6 16. Nd5 Be6 17. Nc3 d5 18. exd5 Bxd5 19. Rxe8+ Qxe8 20. Nxd5 Qe4
21. Nc3 Qe7 22. d5 Rd8 23. Qe3 Qxe3 24. fxe3 Nb4 25. e4 Nc2 26. Rc1 Ne3 27. g3
Nxf1 28. Kxf1 f6 29. Kf2 Kf7 30. Ne2 Rc8 31. Ned4 Nf8 32. Nf5 Nd7 1-0

[Event "ARA Campeonato de Aragon por Equipos Preferente Grupo II (204366)"]
[Site ""]
[Date "2019.03.09"]
[Round "7.71"]
[White "Hususan, Melisa"]
[Black "Querol Soro, Sergio"]
[Result "1/2-1/2"]
[WhiteElo "1763"]
[BlackElo "1927"]
[PlyCount "0"]
[WhiteTeam "Marcos Frechin B"]
[BlackTeam "Las Fuentes"]
[EventDate "2019.01.26"]

1. e4 g6 2. d4 Bg7 3. Nf3 d5 4. exd5 Qxd5 5. Nc3 Qd8 6. Bf4 c6 7. h3 Nf6 8. Qd2
h6 9. Bc4 g5 10. Be3 Nbd7 11. Bb3 Nb6 12. O-O-O Nbd5 13. Nxd5 Nxd5 14. Bxd5
Qxd5 15. Kb1 Be6 16. b3 b5 17. Qa5 Bf5 18. Rd2 Be4 19. h4 g4 20. Ne5 h5 21. f3
gxf3 22. gxf3 Bxf3 23. Rf1 Bg4 24. Qc7 Rc8 25. Qxa7 Be6 26. Bg5 Qd6 27. Bf4 Qd5
28. Bg5 Qd6 29. Bf4 1/2-1/2

[Event "ARA Campeonato de Aragon por Equipos Preferente Grupo II (204366)"]
[Site ""]
[Date "2019.03.09"]
[Round "7.72"]
[White "Artal Alegria, Francisco Javier"]
[Black "Moya Gimeno, Raul"]
[Result "1-0"]
[WhiteElo "1841"]
[BlackElo "1710"]
[PlyCount "0"]
[WhiteTeam "Las Fuentes"]
[BlackTeam "Marcos Frechin B"]
[EventDate "2019.01.26"]

1. e4 c5 2. Nc3 g6 3. d3 Bg7 4. f4 e6 5. Nf3 d6 6. g4 Ne7 7. h4 Nbc6 8. Ne2 Nd4
9. Ng3 f5 10. h5 Qa5+ 11. Bd2 Nxf3+ 12. Qxf3 Qb6 13. Rb1 Rg8 14. hxg6 hxg6 15.
a4 Bd7 16. a5 Qc7 17. gxf5 exf5 18. b4 cxb4 19. Bxb4 Bc3+ 20. Kd1 Rc8 21. Qf2
Bxb4 22. Rxb4 Qxa5 23. Rxb7 Qa1+ 24. Kd2 Ba4 25. Rxe7+ Kxe7 26. Qxa7+ Kf8 27.
Rh7 Rxc2+ 28. Ke3 Qe1+ 29. Kf3 Rf2+ 30. Qxf2 fxe4+ 31. Nxe4 Qxf2+ 32. Kxf2 Rg7
33. Rxg7 Kxg7 34. Nxd6 Kf6 35. Ke3 g5 36. Ne4+ Kf5 37. fxg5 Ke5 38. Bh3 Bb3 39.
d4+ Kd5 40. g6 1-0

[Event "División de Honor Aragonesa 2019 - Encuentros por tableros Global"]
[Site ""]
[Date "2019.03.16"]
[Round "8.1"]
[White "Garza Marco, Sergio"]
[Black "Forcen Esteban, Daniel"]
[Result "1-0"]
[WhiteElo "2407"]
[BlackElo "2567"]
[PlyCount "0"]
[WhiteTeam "Helios"]
[BlackTeam "Jaime Casas"]
[EventDate "2019.01.26"]

1. d4 e6 2. Nf3 Nf6 3. Bf4 c5 4. e3 d5 5. c3 Bd6 6. Bg3 O-O 7. Nbd2 b6 8. Bd3
Bb7 9. Qe2 Ne4 10. Rd1 Bc7 11. O-O Nd7 12. Ba6 Nxg3 13. hxg3 Bxa6 14. Qxa6 cxd4
15. cxd4 Nf6 16. Rc1 Bd6 17. Rc6 Rc8 18. Rfc1 Rxc6 19. Rxc6 Qd7 20. Rc2 h6 21.
a3 Rd8 22. Rc1 Ng4 23. Rc2 Rf8 24. Nb3 f6 25. Nh2 f5 26. Nc1 h5 27. Nf3 Kh7 28.
Nd3 Kh6 29. a4 g5 30. Qb5 Qe7 31. Rc6 h4 32. gxh4 gxh4 33. Nf4 Rd8 34. Ne5 Kg7
35. Nxg4 fxg4 36. Qe2 Bxf4 37. exf4 Kf7 38. Qxg4 Qf6 39. f5 1-0